الموسوعة الفلكية / (Record no. 16213)

MARC details
000 -الفاتح
حقل البيانات ثابتة الطول 01075nam a22002297a 4500
008 - عناصر البيانات ثابتة الطول - معلومات عامة
حقل البيانات ثابتة الطول 111115s2002 ua|||||d|||| 001 0 ara d
020 ## - الرقم الدولى المعيارى للكتب
الرقم الدولى المعيارى للكتاب 9770123412
082 ## - رقم تصنيف ديوى العشرى
رقم الطبعة 22
رقم التصنيف 520.03
رقم المادة ف ا ي
100 ## - المدخل الرئيسى - إسم شخصى
9 (RLIN) 27753
الإسم الشخصى فايجرت، ا
245 ## - بيان العنوان
العنوان الموسوعة الفلكية /
بيان المسئوليه,etc تأليف ا.فايجرت، هـ تسمرمان ؛ ترجمة عبدالقوي عياد ؛ مراجعة محمد جمال الدين الفندي
260 ## - PUBLICATION, DISTRIBUTION, ETC. (IMPRINT)
مكان الناشر او الموزع القاهرة :
اسم الناشر او الموزع الهيئة المصرية العامة للكتاب،
تاريخ النشر أو التوزيع 1990.‏
300 ## - الوصف المادى
التعداد 822 ص. ، [ورقة مطوية] :‏
تفاصيل ماديه اخرى للوعاء ايض. ؛
أبعاد الوعاء 28 سم.‏
336 ## - نوع المحتوى
source rdacontent
Carrier Type Term نص
Content Type Code txt
337 ## - نوع الوسيط
Media Type Term بدون وسيط
source rdamedia
Media Type Code n
338 ## - نوع الحامل أو الناقل
Carrier Type Term مجلد
Carrier Type Code nc
source rdacarrier
650 ## - المدخل الاضافى بالموضوع-مصطلح موضوعى
9 (RLIN) 27754
مصطلح موضوعي أو اسم جغرافي كعنصر مدخل الفلك
التقسيم الفرعي الشكلي دوائر المعارف
653 ## - مصطلح تكشيفى غير مقيد
Resource For college
Arrived date list November2011
700 ## - المدخل الاضافى - اسم شخصى
9 (RLIN) 27755
الإسم الشخصى تسمرمان، هـ.‏
الدور مؤلف مشارك
700 ## - المدخل الاضافى - اسم شخصى
9 (RLIN) 27756
الإسم الشخصى عياد، عبدالقوي.
الدور مترجم
700 ## - المدخل الاضافى - اسم شخصى
9 (RLIN) 27757
الإسم الشخصى الفندي، محمد جمال الدين.
الدور مراجع
942 ## - عناصر المدخل الإضافي( كوها)
مصدر التصنيف او مخطط الترفيف Dewey Decimal Classification
Koha [default] item type Reference (NB)
جزء التصنيف RDA-MOD
Holdings
حالة التراجع حالة الفقد مصدر التصنيف او خطة الترفيف حالة تلف ليس للاعارة مجموعات كوها المكان الدائم المكان الحالي موقع الترفيف تاريخ الاكتساب Source of acquisition رقم الاستدعاء الباركود Date last seen نوع الوعاء
    Dewey Decimal Classification     Alef-Baa Central Library Central Library Ground Floor 15/11/2011 Purchase 520.03 ف ا ي 000025640 15/07/2025 Reference (NB)